Advanced listening comprehension : (Record no. 10271)
[ view plain ]
| 000 -LEADER | |
|---|---|
| fixed length control field | 01376cam a22003495a 4500 |
| 001 - CONTROL NUMBER | |
| control field | 13563900 |
| 003 - CONTROL NUMBER IDENTIFIER | |
| control field | EG-ScBUE |
| 005 - DATE AND TIME OF LATEST TRANSACTION | |
| control field | 20220606105656.0 |
| 008 - FIXED-LENGTH DATA ELEMENTS--GENERAL INFORMATION | |
| fixed length control field | 040419t2005 maua f 000 0 eng d |
| 020 ## - INTERNATIONAL STANDARD BOOK NUMBER | |
| International Standard Book Number | 1413012558 |
| 020 ## - INTERNATIONAL STANDARD BOOK NUMBER | |
| International Standard Book Number | 9781413012552 |
| 040 ## - CATALOGING SOURCE | |
| Original cataloging agency | DLC |
| Language of cataloging | eng |
| Description conventions | rda |
| Transcribing agency | DLC |
| Modifying agency | DLC |
| -- | EG-ScBUE |
| 082 04 - DEWEY DECIMAL CLASSIFICATION NUMBER | |
| Classification number | 428.34 |
| Item number | DUN |
| Edition number | 22 |
| 100 1# - MAIN ENTRY--PERSONAL NAME | |
| Personal name | Dunkel, Patricia, |
| Relator term | author. |
| 9 (RLIN) | 1006 |
| 245 10 - TITLE STATEMENT | |
| Title | Advanced listening comprehension : |
| Remainder of title | developing aural and Note taking skills / |
| Statement of responsibility, etc | Patricia Dunkel, professor emerita, Georgia State University, Frank Pialorsi, professor emerita, University of Arizona. |
| 250 ## - EDITION STATEMENT | |
| Edition statement | Third edition, |
| Remainder of edition statement | international Student edition. |
| 264 #1 - PUBLICATION, DISTRIBUTION, ETC. (IMPRINT) | |
| Place of publication, distribution, etc | Boston, Massachusetts : |
| Name of publisher, distributor, etc | Thomson Heinle, |
| Date of publication, distribution, etc | [2005] |
| 264 #4 - PUBLICATION, DISTRIBUTION, ETC. (IMPRINT) | |
| Date of publication, distribution, etc | c2005 |
| 300 ## - PHYSICAL DESCRIPTION | |
| Extent | xii, 212 pages : |
| Other physical details | illustrations ; |
| Dimensions | 28 cm. |
| 336 ## - CONTENT TYPE | |
| Source | rdacontent |
| Content type term | text |
| Content type code | txt |
| 337 ## - MEDIA TYPE | |
| Source | rdamedia |
| Media type term | unmediated |
| Media type code | n |
| 338 ## - CARRIER TYPE | |
| Source | rdacarrier |
| Carrier type term | volume |
| Carrier type code | nc |
| 490 0# - SERIES STATEMENT | |
| Series statement | Listening and notetaking skills ; |
| Volume number/sequential designation | 3 |
| 520 ## - SUMMARY, ETC. | |
| Summary, etc | Introduces the fundamentals of listening and note-taking using written exercises and audio activities. |
| 650 #7 - SUBJECT ADDED ENTRY--TOPICAL TERM | |
| Topical term or geographic name as entry element | English language |
| Form subdivision | Textbooks for foreign speakers. |
| Source of heading or term | BUEsh |
| 9 (RLIN) | 43 |
| 650 #7 - SUBJECT ADDED ENTRY--TOPICAL TERM | |
| Topical term or geographic name as entry element | Listening. |
| Source of heading or term | BUEsh |
| 9 (RLIN) | 1008 |
| 651 ## - SUBJECT ADDED ENTRY--GEOGRAPHIC NAME | |
| Source of heading or term | BUEsh |
| 653 ## - INDEX TERM--UNCONTROLLED | |
| Resource For college | Humanities: English |
| Arrived date list | August2015 |
| -- | January2019 |
| 655 ## - INDEX TERM--GENRE/FORM | |
| Form subdivision | Reading book |
| 9 (RLIN) | 34232 |
| 700 1# - ADDED ENTRY--PERSONAL NAME | |
| Personal name | Pialorsi, Frank, |
| Relator term | author. |
| 9 (RLIN) | 1010 |
| 942 ## - ADDED ENTRY ELEMENTS (KOHA) | |
| Source of classification or shelving scheme | Dewey Decimal Classification |
| Koha item type | Book - Borrowing |
| Withdrawn status | Lost status | Source of classification or shelving scheme | Damaged status | Not for loan | Home library | Current library | Shelving location | Date acquired | Source of acquisition | Total Checkouts | Full call number | Barcode | Date last seen | Price effective from | Koha item type | Total Renewals | Date checked out | Public note | Collection code | Materials specified (bound volume or other part) |
|---|---|---|---|---|---|---|---|---|---|---|---|---|---|---|---|---|---|---|---|---|
| Dewey Decimal Classification | Central Library | Central Library | Second Floor | 09/11/2008 | Purchase | 428.34 DUN | 000014168 | 15/07/2025 | 09/11/2008 | Book - Borrowing | ||||||||||
| Dewey Decimal Classification | Central Library | Central Library | Second Floor | 09/11/2008 | Purchase | 1 | 428.34 DUN | 000014169 | 15/07/2025 | 09/11/2008 | Book - Borrowing | 6 | 09/09/2019 | |||||||
| Dewey Decimal Classification | Central Library | Central Library | Second Floor | 09/11/2008 | Purchase | 1 | 428.34 DUN | 000014170 | 15/07/2025 | 09/11/2008 | Book - Borrowing | 1 | 19/05/2011 | |||||||
| Dewey Decimal Classification | Central Library | Central Library | Second Floor | 09/11/2008 | 2 | 428.34 DUN | 000014171 | 24/08/2022 | CD | DVD - With book | 6 | 09/09/2019 | DVD | ||||||||
| Dewey Decimal Classification | Central Library | Central Library | Second Floor | 09/11/2008 | 3 | 428.34 DUN | 000014172 | 24/08/2022 | 09/11/2008 | CD | DVD - (NB) | 3 | 22/08/2010 | DVD | |||||||
| Dewey Decimal Classification | Central Library | Central Library | Second Floor | 09/11/2008 | 428.34 DUN | 000014173 | 24/08/2022 | 09/11/2008 | CD | DVD - (NB) | DVD | ||||||||||
| Dewey Decimal Classification | Central Library | Central Library | Second Floor | 09/11/2008 | Purchase | 428.34 DUN | 000014174 | 24/08/2022 | 09/11/2008 | Cassette (NB) | Tape 5 | |||||||||
| Dewey Decimal Classification | Central Library | Central Library | Second Floor | 09/11/2008 | Purchase | 428.34 DUN | 000014175 | 24/08/2022 | 09/11/2008 | Cassette (NB) | Tape 4 | |||||||||
| Dewey Decimal Classification | Central Library | Central Library | Second Floor | 09/11/2008 | Purchase | 1 | 428.34 DUN | 000014176 | 24/08/2022 | 09/11/2008 | Cassette (NB) | 19/05/2011 | Tape 2 | |||||||
| Dewey Decimal Classification | Central Library | Central Library | Second Floor | 09/11/2008 | 428.34 DUN | 000014177 | 24/08/2022 | 09/11/2008 | Cassette (NB) | Tape 1 | ||||||||||
| Lost | Dewey Decimal Classification | Central Library | Central Library | Second Floor | 09/11/2008 | Purchase | 428.34 DUN | 000014178 | 25/07/2010 | 09/11/2008 | Cassette (NB) | Tape 3 | Lost In Inventory_2015-8-23 | |||||||
| Dewey Decimal Classification | Central Library | Central Library | Second Floor | 09/11/2008 | Purchase | 1 | 428.34 DUN | 000014179 | 24/08/2022 | 09/11/2008 | Cassette (NB) | 19/05/2011 | Tape 5 | |||||||
| Dewey Decimal Classification | Central Library | Central Library | Second Floor | 09/11/2008 | Purchase | 1 | 428.34 DUN | 000014180 | 24/08/2022 | 09/11/2008 | Cassette (NB) | 19/05/2011 | Tape 4 | |||||||
| Dewey Decimal Classification | Central Library | Central Library | Second Floor | 09/11/2008 | 1 | 428.34 DUN | 000014181 | 24/08/2022 | 09/11/2008 | Cassette (NB) | 19/05/2011 | Tape 3 | ||||||||
| Dewey Decimal Classification | Central Library | Central Library | Second Floor | 09/11/2008 | 428.34 DUN | 000014182 | 24/08/2022 | 09/11/2008 | Cassette (NB) | Tape 2 | ||||||||||
| Dewey Decimal Classification | Central Library | Central Library | Second Floor | 09/11/2008 | Purchase | 1 | 428.34 DUN | 000014183 | 24/08/2022 | 09/11/2008 | Cassette (NB) | 19/05/2011 | Tape 1 | |||||||
| Dewey Decimal Classification | Central Library | Central Library | Second Floor | 09/11/2008 | Purchase | 428.34 DUN | 000014184 | 24/08/2022 | 09/11/2008 | CD | DVD - With book | 5 Audio CDs | |||||||||
| Dewey Decimal Classification | Central Library | Central Library | Second Floor | 09/11/2008 | Purchase | 428.34 DUN | 000014185 | 24/08/2022 | 09/11/2008 | CD | DVD - With book | 5 Audio CDs | |||||||||
| Dewey Decimal Classification | Central Library | Central Library | Second Floor | 09/11/2008 | Purchase | 1 | 428.34 DUN | 000014186 | 24/08/2022 | 09/11/2008 | CD | DVD - With book | 6 | 09/09/2019 | 5 Audio CDs |